Losing ground : (Record no. 15612)

000 -LEADER
fixed length control field 00529cam a2200205 i 4500
020 ## - INTERNATIONAL STANDARD BOOK NUMBER
ISBN 0393064107.
-- 0393091678
040 ## - CATALOGING SOURCE
Transcribing agency DLC
082 00 - DEWEY DECIMAL CLASSIFICATION NUMBER
Classification number 333 NOR 1976 A077 Or.
100 1# - MAIN ENTRY--AUTHOR NAME
Personal name Eckholm, Erik P.
245 10 - TITLE STATEMENT
Title Losing ground :
Remainder of title environmental stress and world food prospects /
250 ## - EDITION STATEMENT
Edition statement 1st ed.
260 ## - PUBLICATION, DISTRIBUTION, ETC. (IMPRINT)
Place of publication New York :
Name of publisher Norton,
Year of publication c1976.
300 ## - PHYSICAL DESCRIPTION
Number of Pages 223 p. ;
Dimensions 22 cm.
500 ## - GENERAL NOTE
General note Includes index.
650 #0 - SUBJECT ADDED ENTRY--TOPICAL TERM
Topical Term Agriculture
650 #0 - SUBJECT ADDED ENTRY--TOPICAL TERM
Topical Term Nature
650 #0 - SUBJECT ADDED ENTRY--TOPICAL TERM
Topical Term Food supply.
650 #0 - SUBJECT ADDED ENTRY--TOPICAL TERM
Topical Term Soil erosion.
942 ## - ADDED ENTRY ELEMENTS (KOHA)
Koha item type សៀវភៅភាសាអង់គ្លេស
952 ## - LOCATION AND ITEM INFORMATION (KOHA)
Withdrawn status [LOCAL, KOHA] 0
Holdings
Permanent Location Date acquired Koha item type Lost status Shelving location Barcode Current Location Full call number
Library Block A2017-12-04សៀវភៅភាសាអង់គ្លេស A077A07091Library Block A333 NOR 1976 A077 Or.
មជ្ឈមណ្ឌលឯការនៃសាកលវិទ្យាល័យភូមិន្ទកសិកម្មចំការដូង

Powered by Koha